000 00325nam a2200133Ia 4500
005 20251222155111.0
008 251222s9999||||xx |||||||||||||| ||spa||
082 _aSIQ.14
100 _aANNIE LAURIE V.
245 0 _aEnfermería Psiquiátrica Salud Mental
250 _a1ra. ed.
264 _bManual Moderno
942 _cLIB
999 _c38064
_d38064